Sensum (Record no. 6480)

MARC details
000 -LEADER
fixed length control field 00720 a2200205 4500
005 - DATE AND TIME OF LATEST TRANSACTION
control field 20080828125631.0
008 - FIXED-LENGTH DATA ELEMENTS--GENERAL INFORMATION
fixed length control field 080828t xxu||||| |||| 00| p eng d
010 ## - LIBRARY OF CONGRESS CONTROL NUMBER
LC control number ENG-87364
020 ## - INTERNATIONAL STANDARD BOOK NUMBER
Terms of availability 350.00
International Standard Book Number 8190475303
035 ## - SYSTEM CONTROL NUMBER
System control number EN-70897
037 ## - SOURCE OF ACQUISITION
Source of stock number/acquisition DBAD / PUB
082 ## - DEWEY DECIMAL CLASSIFICATION NUMBER
Classification number 881
100 ## - MAIN ENTRY--PERSONAL NAME
Personal name Jain, Sunita
245 ## - TITLE STATEMENT
Title Sensum
Statement of responsibility, etc by Sunita Jain
Remainder of title Collected poems (1965-2000)
260 ## - PUBLICATION, DISTRIBUTION, ETC. (IMPRINT)
Place of publication, distribution, etc New Delhi
Name of publisher, distributor, etc Read Books
Date of publication, distribution, etc 2007
270 ## - ADDRESS
Address G-31, Commercial Complex Sheikh Sarai, Phase-I,
City New Delhi
Postal code 110 017
300 ## - PHYSICAL DESCRIPTION
Extent 158p.
Dimensions 22cm (Hb)
942 ## - ADDED ENTRY ELEMENTS (KOHA)
Institution code [OBSOLETE] dpl
Koha item type English Books
Call number prefix 881 / JAI
Source of classification or shelving scheme Dewey Decimal Classification
Classification part 881
Call number suffix JAI
Holdings
Withdrawn status Lost status Damaged status Not for loan Home library Current library Date acquired Cost, normal purchase price Total Checkouts Full call number Barcode Date last seen Copy number Uniform Resource Identifier Cost, replacement price Price effective from Koha item type
        D.B.Act.Division D.B.Act.Division 28/08/2008 350.00   881 JAI EN-70897 15/09/2008 1 6973 350.00 15/09/2008 English Books

© Delhi Public Library
Hit Counter
free hit counter